000 00456nam a2200157 i 4500
001 96208
003 ES-MaACL
005 20230906181851.0
007 t|
008 050613s1915 sp ||||1| spa d
100 1 _aMadruga Jiménez, Esteban.
_975371
245 1 3 _aEl arbitrio judicial en la ciencia y legislaciones penales /
_cEsteban Madruga Jiménez.
260 _aMadrid :
_b[s.n.],
_c1915.
502 _aTesis doctoral.
852 _aES-MaACL
_j1492-F-8
999 _c96208
_d96208